Hurt - Johnny Cash Lyrics - Statistics

Estatísticas Gerais
  • Esse quiz foi jogado 6 vezes
  • A pontuação média é 124 de 161
Estatísticas das Respostas
Resposta % Correto
a
100%
A
100%
all
100%
could
100%
down
100%
focus
100%
have
100%
hurt
100%
I
100%
in
100%
it
100%
My
100%
my
100%
myself
100%
on
100%
only
100%
pain
100%
the
100%
The
100%
thing
100%
To
100%
to
100%
today
100%
you
100%
You
100%
And
83%
away
83%
dirt
83%
empire
83%
end
83%
Everyone
83%
feel
83%
Goes
83%
hole
83%
if
83%
If
83%
know
83%
let
83%
make
83%
of
83%
real
83%
see
83%
that's
83%
this
83%
What
83%
will
83%
become
67%
everything
67%
friend?
67%
needle
67%
still
67%
sweetest
67%
tears
67%
But
50%
crown
50%
familiar
50%
kill
50%
miles
50%
million
50%
old
50%
remember
50%
thorns
50%
Try
50%
way
50%
wear
50%
am
33%
chair
33%
find
33%
keep
33%
liar's
33%
sting
33%
Upon
33%
would
33%
again
17%
are
17%
Beaneath
17%
broken
17%
cannot
17%
disappear
17%
else
17%
feelings
17%
Full
17%
here
17%
repair
17%
right
17%
someone
17%
stains
17%
start
17%
thoughts
17%
time
17%
Nenhum quiz correspondente encontrado
Distribuição das Pontuações
Porcentagem de Pessoas com Cada Pontuação
Percentil de Números Respondidos
Sua Pontuação Histórica
Você não jogou esse quiz